| 000 | 01586nam a2200361Ia 4500 | ||
|---|---|---|---|
| 001 | ebr10070243 | ||
| 003 | CaPaEBR | ||
| 006 | m u | ||
| 007 | cr cn||||||||| | ||
| 008 | 021017s2003 mdua sb 001 0 eng d | ||
| 010 | _z 2002152156 | ||
| 020 | _z080188134X | ||
| 020 | _z080187338X (hardcover : alk. paper) | ||
| 040 |
_aCaPaEBR _cCaPaEBR |
||
| 035 | _a(OCoLC)70749798 | ||
| 050 | 1 | 4 |
_aTL795.5 _b.B88 2003eb |
| 100 | 1 | _aButrica, Andrew J. | |
| 245 | 1 | 0 |
_aSingle stage to orbit _h[electronic resource] : _bpolitics, space technology, and the quest for reusable rocketry / _cAndrew J. Butrica. |
| 260 |
_aBaltimore : _bJohns Hopkins University Press, _c2003. |
||
| 300 |
_axvi, 266 p. : _bill. |
||
| 490 | 1 | _aNew series in NASA history | |
| 504 | _aIncludes bibliographical references (p. [223]-259) and index. | ||
| 533 |
_aElectronic reproduction. _bPalo Alto, Calif. : _cebrary, _d2009. _nAvailable via World Wide Web. _nAccess may be limited to ebrary affiliated libraries. |
||
| 610 | 1 | 0 |
_aUnited States. _bNational Aeronautics and Space Administration. |
| 650 | 0 |
_aAerospace planes _xResearch _zUnited States. |
|
| 650 | 0 |
_aReusable space vehicles _xResearch _zUnited States. |
|
| 650 | 0 |
_aAerodynamics, Hypersonic _xResearch _xPolitical aspects _zUnited States. |
|
| 650 | 0 |
_aResearch aircraft _zUnited States. |
|
| 655 | 7 |
_aElectronic books. _2local |
|
| 710 | 2 | _aebrary, Inc. | |
| 830 | 0 | _aNew series in NASA history. | |
| 856 | 4 | 0 |
_uhttp://site.ebrary.com/lib/rucke/Doc?id=10070243 _zAn electronic book accessible through the World Wide Web; click to view |
| 999 |
_c42707 _d42707 |
||